LEADER 02195nam2 2200457 i 450 001 CFI0149664 005 20231121125441.0 010 $a8802042039 020 $aIT$b91-2107 100 $a20021029d1989 ||||0itac50 ba 101 | $aita 102 $ait 181 1$6z01$ai $bxxxe 182 1$6z01$an 200 1 $a3$eCarmina, Rime, Satire, Erbolato, Lettere$fLudovico Ariosto$ga cura di Mario Santoro 210 $aTorino$cUnione tipografico-editrice torinese$dİ1989 215 $a628 p.$d24 cm. 225 | $aClassici italiani 410 0$1001CFI0032661$12001 $aClassici italiani 423 0$12001 $aSatire. -$1700 1$aAriosto$b, Ludovico$f <1474-1533>$3CFIV016897$4070 423 0$12001 $aErbolato. -$1700 1$aAriosto$b, Ludovico$f <1474-1533>$3CFIV016897$4070 423 0$12001 $aLettere. -$1700 1$aAriosto$b, Ludovico$f <1474-1533>$3CFIV016897$4070 423 0$12001 $aCarmina. -$1700 1$aAriosto$b, Ludovico$f <1474-1533>$3CFIV016897$4070 423 0$12001 $aRime. -$1700 1$aAriosto$b, Ludovico$f <1474-1533>$3CFIV016897$4070 461 1$1001CFI0149670$12001 $aOpere$fdi Ludovico Ariosto$v3 676 $a858.3$9Miscellanea italiana. 1492-1542$v20 700 1$aAriosto$b, Ludovico$f <1474-1533>$3CFIV016897$4070$0192228 702 1$aSantoro$b, Mario$f <1913-1989>$3CFIV004114 790 1$aAriosto$b, Lodovico$3FERV075383$zAriosto, Ludovico <1474-1533> 801 3$aIT$bIT-01$c20021029 850 $aIT-RM028 $aIT-RM0289 $aIT-RM0418 $aIT-FR0084 $aIT-FR0017 899 $aBiblioteca Universitaria Alessandrina$bRM028 899 $aBiblioteca Statale A. Baldini$bRM0289 899 $aBIBLIOTECA ACCADEMIA NAZ. DEI LINCEI E CORSINIANA$bRM0418 899 $aBiblioteca Del Monumento Nazionale Di Montecassino$bFR0084 899 $aBiblioteca umanistica Giorgio Aprea$bFR0017 $eN 912 $aCFI0149664 950 2$aBiblioteca umanistica Giorgio Aprea$d 52S.L. 850 UTET Ari.3$e 52MAG0000198405 VMN RS $fC $h20150715$i20150715 977 $a 01$a 04$a 10$a 25$a 52 996 $a3$91718932 997 $aUNICAS